000 00470cam a2200193ua 4500
020 _c35.00
041 _aeng
_h
082 _a591.15
_bDAR/EL
100 _aDarlington, C.D .
245 _aElements of Genetics /
_cC.D.Darlington.
_hTextual Documents
250 _a1 /
_b.
260 _aLondon :
_bGeorge Allen & Unwin Ltd ,
_c1961.
300 _a446 ; .
365 _a35.00
504 _a
700 1 _aMather, K .
942 _cBK
999 _c1855
_d1855